000
00296nam a22001337a 4500
008
181022b xxu||||| |||| 00| 0 eng d
020
_a
9780201960723
041
_a
eng
080
_a
004
100
_a
37
101
_a
SHK
245
_a
The Autodesk Collection
_c
Shawna.d.l
942
_2
udc
_c
BK
999
_c
50377
_d
50377